00842nam a2200229Ia 450000500170000000800410001702000150005804100080007308200180008110000170009924501560011625000220027230000400029465000470033465000320038170000430041326400330045633600270048933700330051633800280054904000350057720220316235651.0121119s2001 sp a gr 000 0 spa  a84801953121 aspa04a796.42 bM15M1 aMcNeill, Ian10aManual del corredor principiante bel programa contrastado de trece semanas para caminar y correr cIan McNeill ; traductor, Francisco Jiménez Ardana aPrimera edición a196 páginasbilustracionesc22 cm14aAtletismo xEstrategia y técnicas 2LEMB14aCaminatas vManuales 2LEMB1 aJiménez Ardana, Franciscoetraductor aBarcelona bPaidotriboc2001 atextobtxt2rdacontent asin mediaciónbn2rdamedia avolumenbnc2rdacarrier aCO-BoRNBPbspaerdacCO-BoRNBP